| 000 | 00678nam a22002417a 4500 | ||
|---|---|---|---|
| 003 | UA-OsUOA | ||
| 001 | 42435 | ||
| 007 | ta | ||
| 008 | 20061106b un ||||| |||| 00| 0 ukr d | ||
| 100 | _aДубинская М. С. | ||
| 700 | _aНовосельская Л. С. | ||
| 090 |
_a37.012 _bД79 |
||
| 942 | _cBK | ||
| 040 |
_aUA-OsUOA _brus _cUA-OsUOA _dUA-OsUOA |
||
| 245 | _aРусская литература в 6-7 классах | ||
| 300 | _a150 с. | ||
| 955 | _a2 | ||
| 041 | _arus | ||
| 080 | _a37.012 | ||
| 260 |
_aК. _bРадянська школа _c1977 |
||
| 650 | 7 |
_a37.0 Основні види та принципи освіти _2UDC |
|
| 999 |
_c328571 _d328571 |
||